Capitales avec les noms les plus longs - Statistiques

Statistiques générales
  • Ce quiz a été pris 100 fois
    85 depuis la dernière actualisation
  • Le résultat moyen est 14 sur 18
Statistiques - réponses
Lettres Pays Capitale % Correct
Amérique 10 Etats-Unis Washington
97%
Europe 10 Luxembourg Luxembourg
96%
Afrique 12 Madagascar Antananarivo
94%
Europe 10 Danemark Copenhague
93%
Océanie 10 Nouvelle-Zélande Wellington
90%
Europe 10 Slovaquie Bratislava
89%
Afrique 12 Côte d'Ivoire Yamoussoukro
89%
Afrique 11 Congo Brazzaville
83%
Amérique 10 Uruguay Montevideo
83%
Afrique 11 Burkina Faso Ouagadougou
83%
Afrique 10 Gabon Libreville
77%
Afrique 10 Mauritanie Nouakchott
73%
Afrique 10 Somalie Mogadiscio
71%
Amérique 10 Suriname Paramaribo
70%
Amérique 11 Honduras Tegucigalpa
70%
Amérique 10 Guyana Georgetown
67%
Amérique 10 Barbade Bridgetown
59%
Amérique 10 Saint-Christophe-et-Niévès Basseterre
49%
Aucun quiz correspondant
Distribution des résultats
% des personnes avec chaque résultat
Percentile par nombre de réponses
Votre historique - résultats
Vous n’avez pas pris ce quiz depuis la dernière actualisation